000 00600nam a2200217 a 4500
999 _c7208
_d7208
001 7208
003 BD-JhCC
005 20180207132519.0
008 180206s2006 bg a|||| || | 000 0 eng d
035 _a(BD-JhCC)7208
040 _aBD-JhCC
_dBD-JhCC
041 _aeng
082 _a954.92
_bHOS 2006
100 _aHossain, Md. Mosharraf
245 _aMahasthan :
_bAnecdote to History /
_cMd. Mosharraf Hossain,
260 _aDhaka :
_bদিব্য প্রকাশনী,
_c2006
300 _a77 p. :
_c22 cm.
650 _aHaritage Place
_zBangladesh
942 _2ddc
_cBK